| 000 | 01659nam a2200241Ia 4500 | ||
|---|---|---|---|
| 008 | 260220t1974||||xx |||||||||||||| ||spa|| | ||
| 040 |
_aPY-SlUNAC _bspa _erda |
||
| 041 | _aspa | ||
| 082 |
_a581 _bT691t |
||
| 245 | 0 | _aTratado de botánica | |
| 250 | _aSexta edición | ||
| 264 |
_aBarcelona : _bMarin, _c℗1974. |
||
| 300 | _a1 volumen | ||
| 520 | _aEl "Tratado de botánica" de Marin, publicado en 1974, es una obra exhaustiva que aborda los fundamentos de la botánica, explorando la diversidad, morfología, fisiología y ecología de las plantas. A través de un enfoque sistemático, el autor presenta las características esenciales de los diferentes grupos vegetales, desde las algas hasta las plantas con flores, destacando su importancia en los ecosistemas y su relación con el medio ambiente. El texto se apoya en ilustraciones detalladas que facilitan la comprensión de conceptos complejos y proporciona una base sólida para el estudio de la botánica. Además, se discuten temas como la reproducción, el crecimiento y el desarrollo de las plantas, así como sus adaptaciones a diversas condiciones ambientales. Este tratado no solo sirve como un recurso valioso para estudiantes y profesionales en el campo de la biología, sino que también promueve una mayor apreciación por la flora del planeta y su papel crucial en la sostenibilidad del medio ambiente. | ||
| 653 | _aBotánica | ||
| 653 | _aCiencias naturales | ||
| 653 | _aConservación de la naturaleza | ||
| 942 |
_b2026/02/17 _cBK |
||
| 999 |
_c8220 _d8220 |
||